000 02038nam0a2200433 4500
001 RU\NLR\bibl\137889
005 20260405160711.0
010 _a5-7795-0031-2
_9150
020 _aRU
_b98-24886
_9Книжная летопись
021 _aRU
_b98-15825
_9746
035 _a(NLR Aleph) 000135064
090 _a772068
_c772068
100 _a19990528d1997 |||y0rusy50 ca
101 0 _arus
102 _aRU
105 _ay |||||||||
200 1 _aРынок государственных краткосрочных облигаций: сущность, проблемы, пути развития
_eУчеб. пособие
_fА.И. Щербаков, А.Г. Ивасенко, Р.А. Леонов, В.В. Воронцов
_gНовосиб. гос. акад. стр-ва
210 _aНовосибирск
_cНГАС
_d1997
215 _a48 с.
_d20
320 _aБиблиогр.: с. 46-48 (34 назв.)
606 0 _aОблигации
_jРуководства, пособия и т.п. для высшей школы
_91746987
_3RU\NLR\auth\66782219
606 0 _aОблигации
_jУчебные издания для высшей школы
_91746987
_3RU\NLR\auth\66782219
610 0 _aОблигации (экон.) - рынок
675 _a336.763.3(075.8)
_v3
_zrus
686 _a06.75
_2rugasnti
686 _a65.9(2)26
_2rubbk
686 _aУ26(2)229.9я73
701 1 _4070
_8rus
_7ca
_aЩербаков
_bА. И.
_cд-р экон. наук
_gАлександр Иванович
_3RU\NLR\auth\7767298
_950226
701 1 _4070
_7ca
_8rus
_aИвасенко
_bА. Г.
_f1954-
_gАнатолий Григорьевич
_3RU\NLR\AUTH\7720329
_93397
701 1 _aЛеонов
_bР. А.
_gРоман Алексеевич
_4070
701 1 _aВоронцов
_bВ. В.
_gВадим Вячеславович
_4070
801 0 _aRU
_bRKP
_c19990528
_gPSBO
801 1 _aRU
_bRKP
_c19990528
801 2 _aRU
_bNLR
_c20080814
_grcr
852 _aNLR
_j2000-4/8673
942 _cBOOK
980 _aNB